Citizen brands : (Record no. 9324)
[ view plain ]
| 000 -LEADER | |
|---|---|
| fixed length control field | 01231nac a22002771u 4500 |
| 010 ## - LIBRARY OF CONGRESS CONTROL NUMBER | |
| LC control number | 2001269913 |
| 020 ## - INTERNATIONAL STANDARD BOOK NUMBER | |
| International Standard Book Number | 0471492124 |
| 035 ## - SYSTEM CONTROL NUMBER | |
| System control number | (OCoLC)ocm46601391 |
| 082 ## - DEWEY DECIMAL CLASSIFICATION NUMBER | |
| Classification number | 658.827 |
| Item number | WIL |
| 090 ## - LOCALLY ASSIGNED LC-TYPE CALL NUMBER (OCLC); LOCAL CALL NUMBER (OCLC) | |
| -- | 9324 |
| -- | 9324 |
| 100 ## - MAIN ENTRY--PERSONAL NAME | |
| Personal name | Willmott, Michael, |
| 245 10 - TITLE STATEMENT | |
| Title | Citizen brands : |
| Remainder of title | putting society at the heart of your business / |
| Statement of responsibility, etc | Michael Willmott. |
| 260 ## - PUBLICATION, DISTRIBUTION, ETC. (IMPRINT) | |
| Place of publication, distribution, etc | Chichester ; |
| -- | New York : |
| Name of publisher, distributor, etc | Wiley,c2001. |
| Date of publication, distribution, etc | c2001. |
| 300 ## - PHYSICAL DESCRIPTION | |
| Extent | xi, 260 p. : |
| Other physical details | ill. ; |
| Dimensions | 24 cm. |
| 500 ## - GENERAL NOTE | |
| General note | Distributer: Al-Ahram. |
| 504 ## - BIBLIOGRAPHY, ETC. NOTE | |
| Bibliography, etc | Includes bibliographical references (p. [237]-250) and index. |
| 511 ## - PARTICIPANT OR PERFORMER NOTE | |
| Participant or performer note | Catalogued By: Mahitab. |
| 650 #0 - SUBJECT ADDED ENTRY--TOPICAL TERM | |
| Topical term or geographic name as entry element | Social responsibility of business. |
| 650 #0 - SUBJECT ADDED ENTRY--TOPICAL TERM | |
| Topical term or geographic name as entry element | Brand name products. |
| 650 #0 - SUBJECT ADDED ENTRY--TOPICAL TERM | |
| Topical term or geographic name as entry element | Product management. |
| 856 42 - ELECTRONIC LOCATION AND ACCESS | |
| Materials specified | Contributor biographical information |
| Uniform Resource Identifier | <a href="http://www.loc.gov/catdir/bios/wiley043/2001269913.html">http://www.loc.gov/catdir/bios/wiley043/2001269913.html</a> |
| 856 42 - ELECTRONIC LOCATION AND ACCESS | |
| Materials specified | Publisher description |
| Uniform Resource Identifier | <a href="http://www.loc.gov/catdir/description/wiley036/2001269913.html">http://www.loc.gov/catdir/description/wiley036/2001269913.html</a> |
| 856 42 - ELECTRONIC LOCATION AND ACCESS | |
| Materials specified | Table of Contents |
| Uniform Resource Identifier | <a href="http://www.loc.gov/catdir/toc/onix07/2001269913.html">http://www.loc.gov/catdir/toc/onix07/2001269913.html</a> |
| 942 ## - ADDED ENTRY ELEMENTS (KOHA) | |
| Item type | Book - Borrowing |
| Call number prefix | 658.827 WIL |
| Withdrawn status | Item status | Damaged status | Not for loan | Home library | Current library | Shelving location | Date acquired | Source of acquisition | Total Checkouts | Total Renewals | Full call number | Barcode | Date last seen | Date last borrowed | Cost, replacement price | Koha item type |
|---|---|---|---|---|---|---|---|---|---|---|---|---|---|---|---|---|
| Central Library | Central Library | First floor | 04/05/2008 | Purchase | 3 | 7 | 658.827 WIL | 000011220 | 15/07/2025 | 07/02/2012 | 178.80 | Book - Borrowing |